[Event "Olimpiade 2024 - Donne"]
[Site "Budapest"]
[Date "21.09.2024"]
[Round "10.33"]
[Board "4"]
[White "Barahona, Dalila Yamileth"]
[Black "Lyon, Hannah Jane"]
[Result "1-0"]
[WhiteElo "1833"]
[BlackElo "1797"]
[WhiteTeam "El Salvador"]
[BlackTeam "Luxembourg"]
[WhiteFideId "6705740"]
[BlackFideId "389105000"]
[EventDate "2024.09.11"]

1. c4 c5 2. Nc3 g6 3. g3 Bg7 4. Bg2 Nc6 5. d3 d6 6. e4 e5 7. Nge2 Nge7 8. Be3
O-O 9. Qd2 Be6 10. Bh6 Qd7 11. h4 f6 12. Bxg7 Kxg7 13. h5 g5 14. f4 h6 15. O-O-O
a6 16. b3 b5 17. Rdf1 Bg8 18. Nd1 a5 19. fxg5 fxg5 20. Rxf8 Kxf8 21. Rf1+ Kg7
22. Nec3 b4 23. Nb5 Nd4 24. Qf2 Nxb5 25. Qf6+ Kh7 26. cxb5 Re8 27. Ne3 Qe6 28.
Nd5 Nxd5 29. exd5 Qxf6 30. Rxf6 Rd8 31. Be4+ Kg7 32. Rg6+ Kf8 33. Rxh6 Rd7 34.
Rf6+ Ke8 35. Rg6 Kf8 36. Rxg5 Rf7 37. Rf5 Rxf5 38. Bxf5 Bxd5 39. Be4 Bxe4 40.
dxe4 d5 41. exd5 e4 42. b6 e3 43. b7 1-0

[Event "Olimpiade 2024 - Donne"]
[Site "Budapest"]
[Date "21.09.2024"]
[Round "10.34"]
[Board "1"]
[White "Castillo Pena, Patricia Evarista"]
[Black "Ortiz Verdezoto, Anahi"]
[Result "0-1"]
[WhiteTitle "WFM"]
[BlackTitle "WIM"]
[WhiteElo "1928"]
[BlackElo "2229"]
[WhiteTeam "Dominican Republic"]
[BlackTeam "Ecuador"]
[WhiteFideId "6412106"]
[BlackFideId "3614581"]
[EventDate "2024.09.11"]

1. d4 Nf6 2. Nf3 d5 3. e3 c5 4. Bd3 Nc6 5. b3 cxd4 6. exd4 Bg4 7. Bb2 Qa5+ 8.
Bc3 Qc7 9. h3 Bh5 10. Nbd2 e6 11. a3 Bd6 12. O-O O-O 13. Qb1 Rac8 14. Re1 Bf4
15. Bb2 Qb6 16. c4 dxc4 17. bxc4 Bxd2 18. Nxd2 Nxd4 19. Ne4 Nxe4 20. Rxe4 Nb3
21. Rh4 Bg6 22. Ra2 Rfd8 23. Bxg6 hxg6 24. Bc3 Rd7 25. Re2 Nd4 26. Qe4 Nxe2+ 27.
Qxe2 Qb1+ 28. Kh2 Qd3 29. Qb2 f6 30. Bxf6 gxf6 31. Qxf6 Qd6+ 32. Kg1 Rg7 33. Rd4
Qe7 34. Qe5 Rf8 35. Rd2 Qf6 36. Qa5 Qa1+ 37. Kh2 Qe1 38. Qb4 Qe5+ 39. g3 Rgf7
40. Kg2 Qe4+ 0-1

[Event "Olimpiade 2024 - Donne"]
[Site "Budapest"]
[Date "21.09.2024"]
[Round "10.34"]
[Board "2"]
[White "Wagenschuetz, Evelyn"]
[Black "Diaz Cesar, Wilsaida Pieranlly"]
[Result "1-0"]
[WhiteTitle "WIM"]
[BlackTitle "WFM"]
[WhiteElo "2036"]
[BlackElo "1900"]
[WhiteTeam "Ecuador"]
[BlackTeam "Dominican Republic"]
[WhiteFideId "3600424"]
[BlackFideId "6403557"]
[EventDate "2024.09.11"]

1. e4 c5 2. Nf3 e6 3. d4 cxd4 4. Nxd4 Nc6 5. Nc3 Qc7 6. Be3 a6 7. a3 Nf6 8. f4
d6 9. Qf3 Bd7 10. O-O-O Be7 11. Nxc6 Bxc6 12. f5 b5 13. Bd3 b4 14. axb4 Qb7 15.
fxe6 fxe6 16. Qh3 Qxb4 17. Qxe6 Rb8 18. Qa2 Kd7 19. e5 Ng4 20. Bf5+ Kc7 21. Bxg4
Qxg4 22. exd6+ Bxd6 23. Qa5+ Kd7 24. Qc5 Qe6 25. Bf4 1-0

[Event "Olimpiade 2024 - Donne"]
[Site "Budapest"]
[Date "21.09.2024"]
[Round "10.34"]
[Board "3"]
[White "Gonzalez Peguero, Mary Loly"]
[Black "Miranda Vargas, Analia Karen"]
[Result "1/2-1/2"]
[WhiteElo "1889"]
[BlackElo "1891"]
[WhiteTeam "Dominican Republic"]
[BlackTeam "Ecuador"]
[WhiteFideId "6421482"]
[BlackFideId "3632393"]
[EventDate "2024.09.11"]

1. d4 Nf6 2. c4 g6 3. Nc3 Bg7 4. e4 d6 5. Be2 O-O 6. h4 c5 7. d5 h6 8. g4 Ne8 9.
Be3 e6 10. Qd2 Kh7 11. Nh3 exd5 12. exd5 a6 13. h5 g5 14. O-O-O b5 15. f4 f6 16.
Qc2+ Kg8 17. Qg6 Qe7 18. Bd2 Qf7 19. Qc2 bxc4 20. fxg5 fxg5 21. Rhf1 Nf6 22. Ne4
Qe7 23. Nxf6+ Rxf6 24. Qxc4 Nd7 25. Rxf6 Bxf6 26. Re1 Rb8 27. b3 Qe5 28. Qc2
Qa1+ 29. Qb1 Qxb1+ 30. Kxb1 Ne5 31. Nf2 Bb7 32. Ne4 Be7 33. Nc3 Rf8 34. Be3 Kg7
35. Kc2 Bc8 1/2-1/2

[Event "Olimpiade 2024 - Donne"]
[Site "Budapest"]
[Date "21.09.2024"]
[Round "10.34"]
[Board "4"]
[White "Guerrero Caicedo, Arlette"]
[Black "Almanzar Vasquez, Jeniffer Maria"]
[Result "1-0"]
[BlackTitle "WCM"]
[WhiteElo "1868"]
[BlackElo "1876"]
[WhiteTeam "Ecuador"]
[BlackTeam "Dominican Republic"]
[WhiteFideId "3633667"]
[BlackFideId "6406505"]
[EventDate "2024.09.11"]

1. Nf3 Nf6 2. d4 d5 3. g3 e6 4. Bg2 Be7 5. O-O O-O 6. c4 Ne4 7. Nc3 f5 8. Qc2 c6
9. Rb1 a5 10. a3 Nxc3 11. bxc3 Nd7 12. cxd5 exd5 13. c4 Nb6 14. cxd5 Nxd5 15.
Ne5 Kh8 16. Nxc6 bxc6 17. Qxc6 Ra6 18. Qxd5 Qxd5 19. Bxd5 Rd6 20. Rb5 Rfd8 21.
Bf3 a4 22. d5 Ba6 23. Ra5 Bc4 24. Rxa4 Bxd5 25. Bxd5 Rxd5 26. Be3 Kg8 27. Ra7
Kf8 28. Rb1 Rd1+ 29. Rxd1 Rxd1+ 30. Kg2 Ke8 31. a4 Bf6 32. a5 Ra1 33. a6 Kd8 34.
Ra8+ Kc7 35. a7 f4 36. gxf4 1-0

[Event "Olimpiade 2024 - Donne"]
[Site "Budapest"]
[Date "21.09.2024"]
[Round "10.35"]
[Board "1"]
[White "Antonova, Nadezhda"]
[Black "Maksimovic, Masa"]
[Result "1/2-1/2"]
[WhiteTitle "WFM"]
[BlackTitle "WFM"]
[WhiteElo "1967"]
[BlackElo "2093"]
[WhiteTeam "Tajikistan"]
[BlackTeam "Bosnia & Herzegovina"]
[WhiteFideId "14700182"]
[BlackFideId "14408902"]
[EventDate "2024.09.11"]

1. Nf3 Nf6 2. c4 g6 3. Nc3 Bg7 4. e4 d6 5. d4 O-O 6. Be2 e5 7. dxe5 dxe5 8. Qxd8
Rxd8 9. Bg5 Re8 10. Nd5 Nxd5 11. cxd5 Bf8 12. Rc1 c6 13. Bc4 Nd7 14. O-O Nc5 15.
Nd2 a5 16. a3 a4 17. f3 Bd7 18. Be3 cxd5 19. Bxd5 Rac8 20. Nc4 Nb3 21. Rc3 Bb5
22. Rd1 Kg7 23. Kf2 f6 24. g3 Ba6 25. Nb6 Rxc3 26. bxc3 Bxa3 27. Nxa4 Na5 28.
Nc5 Bxc5 29. Bxc5 Rc8 30. Bb6 Nc6 31. Be6 Re8 32. Rd7+ Re7 33. Rd6 Re8 34. f4
Bb5 35. Ke3 exf4+ 36. gxf4 Ra8 37. Rd7+ Kh6 38. Rxb7 Re8 39. Bd7 Ra8 40. Bxc6
Bxc6 41. Rc7 Ba4 42. Rf7 f5 43. e5 Bb3 44. Rb7 Ba2 45. Bc5 Bd5 46. Rd7 Ba2 47.
Be7 Kh5 48. Bg5 Bg8 49. Rd8 Rxd8 50. Bxd8 h6 51. Kd4 Kg4 52. Kc5 Kxf4 53. Kd6
Ke4 54. e6 f4 55. Bb6 Kd3 56. Bd4 g5 57. e7 Bf7 58. Ke5 Be8 59. Kf5 Bd7+ 60. Kg6
g4 61. Be5 g3 62. hxg3 fxg3 63. Bxg3 Kxc3 64. Kxh6 Kc4 65. Kg6 Be8+ 66. Kf6 Kd5
67. Bh2 Ba4 68. Kf7 Ke4 69. Kf8 Kf5 70. Bg1 Ke4 1/2-1/2

[Event "Olimpiade 2024 - Donne"]
[Site "Budapest"]
[Date "21.09.2024"]
[Round "10.35"]
[Board "2"]
[White "Babic, Milana"]
[Black "Saidova, Rukhshona"]
[Result "1-0"]
[WhiteTitle "WCM"]
[WhiteElo "2080"]
[BlackElo "1873"]
[WhiteTeam "Bosnia & Herzegovina"]
[BlackTeam "Tajikistan"]
[WhiteFideId "14414945"]
[BlackFideId "14701227"]
[EventDate "2024.09.11"]

1. Nf3 d5 2. b3 e6 3. Bb2 Nf6 4. c4 Be7 5. g3 O-O 6. Bg2 c5 7. O-O Nc6 8. cxd5
exd5 9. d4 Be6 10. dxc5 Bxc5 11. Nc3 Qe7 12. e3 Rfd8 13. Nb5 Rac8 14. Rc1 Ne4
15. Nbd4 Bg4 16. h3 Bxd4 17. Bxd4 Bh5 18. Bb2 h6 19. a3 Qd6 20. b4 a6 21. g4 Bg6
22. Qb3 b5 23. Rfd1 Qe6 24. Ba1 f6 25. Nh4 Bf7 26. Nf5 Kh8 27. Bxe4 dxe4 28.
Qxe6 Rxd1+ 29. Rxd1 Bxe6 30. Ng3 a5 31. bxa5 Nxa5 32. Nxe4 Nc4 33. Nd6 Nxd6 34.
Rxd6 Rc1+ 35. Kg2 Rxa1 36. Rxe6 Rxa3 37. Rb6 Rb3 38. Kf3 Rb2 39. Kg3 b4 40. h4
Rb1 41. Kf4 b3 42. Kf5 Kh7 43. h5 Rf1 44. f4 Rb1 45. e4 Rb2 46. Rb7 Rb1 47. Rb4
Rb2 48. e5 fxe5 49. fxe5 Rf2+ 50. Ke6 Rb2 51. Ke7 Rb1 52. e6 b2 53. Rb8 g6 54.
Rb7 Kg7 55. Ke8+ Kf6 56. e7 Kg7 57. Kd8 Rd1+ 58. Kc8 Rc1+ 59. Kb8 Kf7 60. hxg6+
Kf6 61. e8=Q b1=Q 62. Rxb1 Rxb1+ 63. Kc7 Rc1+ 64. Kd6 Rd1+ 65. Kc5 Rc1+ 66. Kd4
Rd1+ 67. Kc3 Rc1+ 68. Kd2 Rg1 69. Qf7+ Ke5 70. g7 1-0

[Event "Olimpiade 2024 - Donne"]
[Site "Budapest"]
[Date "21.09.2024"]
[Round "10.35"]
[Board "3"]
[White "Tolibova, Dilola"]
[Black "Mahmutbegovic Smajilbasic, Nadina"]
[Result "1/2-1/2"]
[BlackTitle "WFM"]
[WhiteElo "1831"]
[BlackElo "1973"]
[WhiteTeam "Tajikistan"]
[BlackTeam "Bosnia & Herzegovina"]
[WhiteFideId "14704374"]
[BlackFideId "14401550"]
[EventDate "2024.09.11"]

1. e4 e5 2. Nf3 Nc6 3. Bc4 Nf6 4. d3 h6 5. Nc3 Bc5 6. h3 d6 7. Na4 Bb4+ 8. c3
Ba5 9. b4 Bb6 10. Nxb6 axb6 11. Bb5 O-O 12. Bxc6 bxc6 13. O-O b5 14. Be3 Ra4 15.
Nd2 Be6 16. Nb3 Nh7 17. Na5 Rxa2 18. Rxa2 Bxa2 19. Qa1 Be6 20. Nxc6 Qd7 21. Qa6
f5 22. f3 f4 23. Bd2 Qe8 24. Qb7 Bd7 25. Na5 Qg6 26. Nc6 Kh8 27. Ne7 Qg5 28. Nf5
Bxf5 29. exf5 Qxf5 30. Qxb5 Ng5 31. Ra1 Ne6 32. Be1 Qg6 33. Bh4 Qf7 34. Qd5 Kh7
35. Bf2 Qd7 36. b5 Rb8 37. c4 Qe8 38. Re1 Qg6 39. d4 Nxd4 40. Bxd4 exd4 41. Qxd4
Qf7 42. Qe4+ Kg8 43. Qc6 Kf8 44. Ra1 Qe7 45. Kh2 Re8 46. Qd5 Qe5 47. Qxe5 Rxe5
48. Rd1 Kf7 49. Rd4 g5 50. h4 Ke6 51. Kh3 Re2 52. g3 fxg3 53. Kxg3 Ke5 54. Rd5+
Kf6 55. hxg5+ hxg5 56. c5 dxc5 57. Rxc5 Rb2 58. f4 gxf4+ 59. Kxf4 Rb4+ 60. Ke3
Ke6 61. Kd3 Kd6 62. Rh5 Rb1 63. Kc4 Rc1+ 64. Kb4 Rb1+ 1/2-1/2

[Event "Olimpiade 2024 - Donne"]
[Site "Budapest"]
[Date "21.09.2024"]
[Round "10.35"]
[Board "4"]
[White "Mimic, Sofija"]
[Black "Mashabova, Shukrona"]
[Result "1/2-1/2"]
[WhiteElo "1809"]
[BlackElo "1711"]
[WhiteTeam "Bosnia & Herzegovina"]
[BlackTeam "Tajikistan"]
[WhiteFideId "14425920"]
[BlackFideId "14702037"]
[EventDate "2024.09.11"]

1. e4 e5 2. Nf3 Nc6 3. Bb5 a6 4. Ba4 Bc5 5. c3 Nf6 6. O-O O-O 7. d4 exd4 8. cxd4
Be7 9. d5 Na7 10. e5 Ne8 11. Re1 g6 12. Bh6 Ng7 13. Nc3 b5 14. Bb3 Bb7 15. Ne4
Nc8 16. Nfg5 Nb6 17. Rc1 a5 18. a3 Rc8 19. Qd3 d6 20. Qh3 Nh5 21. Qf3 dxe5 22.
d6 Bxg5 23. Bxg5 Bxe4 24. Bxd8 Bxf3 25. Bxc7 Bg4 26. Bxb6 a4 27. Ba2 Bd7 28. Rc7
Nf6 29. Rxe5 Ne8 30. Rxc8 Bxc8 31. Bc5 Nf6 32. Re7 Nd7 33. Bd4 Nb8 34. Bd5 Be6
35. Bxe6 fxe6 36. Rxe6 Nc6 37. Bc3 Rd8 38. Bf6 Kf7 39. Bxd8 Kxe6 40. Bc7 Ne5 41.
d7 Nxd7 42. Kf1 Nc5 43. Ke2 Kd5 44. Bb6 Ne6 45. Be3 Kc4 46. Kd2 Kb3 47. Kc1 Nc7
48. g4 Nd5 49. Bd2 Nb6 50. Be3 Nd5 51. Bd4 b4 52. Bc5 bxa3 53. Bxa3 Nb6 54. Bc5
Nc4 55. Bd4 a3 56. bxa3 Nxa3 57. Kd2 Kc4 58. Bg7 Kd5 59. Ke3 Ke6 60. Kf4 Kf7 61.
Bc3 Nb5 62. Bb2 Nd6 63. Be5 Nc4 64. Ba1 h6 65. h4 Nd6 66. f3 Ke6 67. Bb2 Nf7 68.
h5 g5+ 69. Ke4 Nd6+ 70. Kd4 Nf7 71. Ba3 Kf6 72. Kd5 Nd8 73. Bb2+ Kf7 74. Ke5 Ne6
75. Kf5 Nf4 76. Be5 Ne6 77. f4 gxf4 78. Bxf4 Nxf4 79. Kxf4 Kf6 80. Kf3 Kg5 81.
Kg3 Kf6 82. Kf4 Ke6 83. Ke4 Kf6 84. Ke3 Kg5 85. Kf3 Kf6 86. Kg3 Kg5 87. Kh3 Kf6
88. Kh4 Ke6 89. g5 hxg5+ 90. Kxg5 Kf7 91. Kh6 Kg8 1/2-1/2

[Event "Olimpiade 2024 - Donne"]
[Site "Budapest"]
[Date "21.09.2024"]
[Round "10.36"]
[Board "1"]
[White "Rouda Essa, Alserkal"]
[Black "Partac, Elena"]
[Result "1-0"]
[WhiteTitle "WCM"]
[BlackTitle "WGM"]
[WhiteElo "2036"]
[BlackElo "2078"]
[WhiteTeam "United Arab Emirates"]
[BlackTeam "Moldova"]
[WhiteFideId "9314318"]
[BlackFideId "13901001"]
[EventDate "2024.09.11"]

1. e4 c5 2. Nf3 e6 3. c3 Nf6 4. e5 Nd5 5. d4 cxd4 6. cxd4 b6 7. Bd3 Bb7 8. O-O
Be7 9. Re1 O-O 10. Be4 Qc8 11. Bg5 f6 12. Bh4 Nf4 13. Nbd2 Nc6 14. Rc1 Qd8 15.
Bg3 f5 16. Bxc6 Bxc6 17. Bxf4 g5 18. Rxc6 dxc6 19. Qb3 Kf7 20. d5 cxd5 21. Nd4
gxf4 22. Qh3 Bh4 23. N2f3 Rc8 24. Nxh4 Qe7 25. Nhf3 Kg8 26. Qh6 Rfe8 27. Ng5 Qg7
28. Qxg7+ Kxg7 29. Ngxe6+ Kf7 30. Ng5+ Kg6 31. Ngf3 Rc4 32. h3 Rec8 33. Nh4+ Kg5
34. Nhxf5 Rc1 35. h4+ Kg6 36. Kf1 Rxe1+ 37. Kxe1 Rc1+ 38. Kd2 Rf1 39. Ke2 Rb1
40. e6 Rxb2+ 41. Kf3 Rxa2 42. e7 Kf7 43. Nb5 1-0

[Event "Olimpiade 2024 - Donne"]
[Site "Budapest"]
[Date "21.09.2024"]
[Round "10.36"]
[Board "2"]
[White "Verbin, Valentina"]
[Black "Al Maamari, Wafia Darwish"]
[Result "1-0"]
[WhiteTitle "WFM"]
[BlackTitle "WFM"]
[WhiteElo "2071"]
[BlackElo "1908"]
[WhiteTeam "Moldova"]
[BlackTeam "United Arab Emirates"]
[WhiteFideId "13905910"]
[BlackFideId "9305734"]
[EventDate "2024.09.11"]

1. d4 Nf6 2. c4 e6 3. Nf3 Bb4+ 4. Nbd2 b6 5. g3 Bb7 6. Bg2 O-O 7. O-O Bxd2 8.
Qxd2 d6 9. b3 Nbd7 10. Bb2 Ne4 11. Qc2 f5 12. d5 exd5 13. Nd4 Qe7 14. cxd5 Bxd5
15. f3 Nef6 16. Nxf5 Qd8 17. e4 Bb7 18. Rad1 Rc8 19. Rfe1 Qe8 20. f4 Ba6 21. e5
dxe5 22. fxe5 Ng4 23. Bc6 Rd8 24. e6 Qh5 25. e7 1-0

[Event "Olimpiade 2024 - Donne"]
[Site "Budapest"]
[Date "21.09.2024"]
[Round "10.36"]
[Board "3"]
[White "Mariam, Essa"]
[Black "Bargan, Victoria"]
[Result "1-0"]
[WhiteElo "1779"]
[BlackElo "1941"]
[WhiteTeam "United Arab Emirates"]
[BlackTeam "Moldova"]
[WhiteFideId "9306480"]
[BlackFideId "13908197"]
[EventDate "2024.09.11"]

1. e4 c5 2. Nf3 Nc6 3. d4 cxd4 4. Nxd4 Nf6 5. Nc3 e6 6. Bg5 Qa5 7. Bxf6 gxf6 8.
Nb3 Qe5 9. Qd2 Bb4 10. O-O-O O-O 11. f4 Bxc3 12. bxc3 Qh5 13. h4 d5 14. g4 Qg6
15. exd5 exd5 16. Bd3 Qg7 17. h5 h6 18. Nd4 Nxd4 19. cxd4 Kh8 20. Qb4 Be6 21. g5
fxg5 22. f5 Bd7 23. Qd6 Rfd8 24. f6 Qf8 25. Qxd5 Bc6 26. Qf5 Qg8 27. Be4 Bxe4
28. Qxe4 Qf8 29. Qe7 Qxe7 30. fxe7 Rd7 31. d5 Rxe7 32. Rhf1 Rd8 33. Kb2 b5 34.
a4 b4 35. Kb3 a5 36. Rf6 Red7 37. Kc4 Kg7 38. Ra6 Rc8+ 39. Rc6 Rb8 40. Rf1 Rbd8
41. Rc5 Ra7 42. Kd4 Ra6 43. Rf5 Rdd6 44. Ke5 f6+ 45. Ke4 Ra7 46. Rc6 Rad7 47.
Rc5 Ra7 48. Kd4 Kf7 49. Rc8 Rb6 50. Kc5 Rba6 51. Rc6 Rxc6+ 52. dxc6 Ke6 53. Rf2
g4 54. Kb6 Rg7 55. c7 Rg8 56. Kb7 f5 57. Re2+ Kd7 58. Rd2+ Ke7 59. Kc6 Rc8 60.
Rd6 g3 61. Rxh6 f4 62. Rg6 Rf8 63. Kb7 f3 64. Rxg3 f2 65. Re3+ Kd6 66. Rd3+ Ke5
67. Rd1 Rf7 68. Rf1 Kd6 69. Rd1+ Ke5 70. Kb8 1-0

[Event "Olimpiade 2024 - Donne"]
[Site "Budapest"]
[Date "21.09.2024"]
[Round "10.36"]
[Board "4"]
[White "Petricenco, Ana"]
[Black "Almaamari, Zainab Darwish"]
[Result "1/2-1/2"]
[WhiteTitle "WFM"]
[BlackTitle "WCM"]
[WhiteElo "1894"]
[BlackElo "1661"]
[WhiteTeam "Moldova"]
[BlackTeam "United Arab Emirates"]
[WhiteFideId "13908596"]
[BlackFideId "9309381"]
[EventDate "2024.09.11"]

1. e4 c5 2. Nf3 e6 3. d4 cxd4 4. Nxd4 a6 5. Bd3 Qc7 6. O-O Nf6 7. Qe2 d6 8. c4
Nbd7 9. f4 Be7 10. Nc3 O-O 11. Kh1 b6 12. b4 d5 13. e5 dxc4 14. Bb1 Bxb4 15.
exf6 Bxc3 16. Qc2 Nxf6 17. Qxc3 Bb7 18. Bb2 Nd5 19. Nb5 Nxc3 20. Nxc7 Rac8 21.
Bxc3 Rxc7 22. Bc2 f5 23. Kg1 Kf7 24. Rad1 Bd5 25. Bxf5 Bxg2 26. Bxe6+ Kxe6 27.
Kxg2 Rf5 28. Rfe1+ Kf7 29. Rd8 Rxf4 30. Be5 Re7 31. Rdd1 Rf5 32. Bd6 Rxe1 33.
Rxe1 Rd5 34. Bf4 b5 35. Kf3 a5 36. Ke4 Rd7 37. Rc1 Ke6 38. Rc2 Rd3 39. Bc7 Ra3
40. Kd4 Kd7 41. Be5 Rd3+ 42. Kc5 Ke6 43. Bxg7 Rd5+ 44. Kc6 Rg5 45. Bd4 h5 46.
Bc5 b4 47. Rxc4 Rg2 48. Re4+ Kf5 49. Rh4 Kg6 50. Kb5 Rxa2 51. Bb6 b3 52. Bxa5
Rc2 53. Rb4 Rxh2 54. Rxb3 h4 55. Bc7 Rg2 56. Rh3 Kh5 1/2-1/2

[Event "Olimpiade 2024 - Donne"]
[Site "Budapest"]
[Date "21.09.2024"]
[Round "10.37"]
[Board "1"]
[White "Vargas, Gabriela"]
[Black "Shibata, Misaki"]
[Result "1/2-1/2"]
[WhiteTitle "WIM"]
[WhiteElo "2109"]
[BlackElo "1847"]
[WhiteTeam "Paraguay"]
[BlackTeam "Japan"]
[WhiteFideId "3700860"]
[BlackFideId "7001134"]
[EventDate "2024.09.11"]

1. d4 Nf6 2. Nf3 d5 3. e3 Bf5 4. Bd3 Bxd3 5. Qxd3 c6 6. O-O e6 7. c4 Be7 8. Nc3
Nbd7 9. e4 dxe4 10. Nxe4 Nxe4 11. Qxe4 Nf6 12. Qe2 O-O 13. Rd1 Qc7 14. Bg5 Rad8
15. Rac1 Rfe8 16. b3 c5 17. h3 a6 18. Rd3 cxd4 19. Nxd4 h6 20. Be3 Qa5 21. Rcd1
Rc8 22. Bc1 b5 23. cxb5 axb5 24. a3 b4 25. axb4 Bxb4 26. Bd2 Nd5 27. Bxb4 Qxb4
28. Qg4 Nf6 29. Qg3 Qc5 30. Ne2 Rb8 31. Rc3 Qb6 32. Qe5 Rec8 33. Rg3 Kf8 34. Nd4
Rc5 35. Qe2 Rd5 36. Rgd3 Rbd8 37. Nf3 Rb8 38. Ne5 Qc7 39. Rxd5 Nxd5 40. Nf3 Rxb3
41. Qa2 Rc3 42. Qa8+ Qc8 43. Qa7 Rc7 44. Qa3+ Kg8 45. Ne5 Rc2 46. Qf3 Qc7 47.
Re1 Rc1 48. Qe4 Rxe1+ 49. Qxe1 Nf4 50. Nf3 Qc5 1/2-1/2

[Event "Olimpiade 2024 - Donne"]
[Site "Budapest"]
[Date "21.09.2024"]
[Round "10.37"]
[Board "2"]
[White "Kinoshita, Kanako"]
[Black "Montiel Caceres, Helen"]
[Result "0-1"]
[BlackTitle "WCM"]
[WhiteElo "1822"]
[BlackElo "1864"]
[WhiteTeam "Japan"]
[BlackTeam "Paraguay"]
[WhiteFideId "7002238"]
[BlackFideId "3707121"]
[EventDate "2024.09.11"]

1. e4 c5 2. Nf3 a6 3. d4 cxd4 4. Nxd4 e6 5. c3 Qc7 6. Be2 Nf6 7. Nd2 Nc6 8. O-O
Bc5 9. N4b3 Ba7 10. Kh1 d5 11. exd5 Nxd5 12. Ne4 O-O 13. Bg5 h6 14. Bh4 Qf4 15.
c4 Nb6 16. Bg3 Qf5 17. Nd6 Qf6 18. Nc5 Qd4 19. Nce4 f5 20. Qc2 fxe4 21. Rad1 Qf6
22. Nxe4 Qg6 23. c5 Nd5 24. Qb1 Nf4 25. Bf3 e5 26. Rd6 Qf5 27. b4 Nd4 28. Bd1
Bb8 29. Bb3+ Kh8 30. Bxf4 Bxd6 31. Be3 Bc7 32. f3 Bd7 33. Qd1 Bb5 34. Rf2 Rad8
35. Ng3 Qg6 36. Qc1 Qd3 37. Ne4 Nxb3 38. axb3 Qd1+ 0-1

[Event "Olimpiade 2024 - Donne"]
[Site "Budapest"]
[Date "21.09.2024"]
[Round "10.37"]
[Board "3"]
[White "Oviedo Acosta, Paula"]
[Black "Mitsuyama, Rikka"]
[Result "1-0"]
[WhiteTitle "WCM"]
[WhiteElo "1790"]
[BlackElo "1738"]
[WhiteTeam "Paraguay"]
[BlackTeam "Japan"]
[WhiteFideId "3704394"]
[BlackFideId "7002815"]
[EventDate "2024.09.11"]

1. e4 e5 2. Nf3 Nc6 3. Bc4 Bc5 4. O-O Nf6 5. d3 O-O 6. h3 d5 7. exd5 Nxd5 8. Re1
Nb6 9. Bb3 Qf6 10. Nc3 Bd4 11. Ne4 Qe7 12. c3 Kh8 13. cxd4 f6 14. dxe5 fxe5 15.
Bg5 Qd7 16. Be3 Nd4 17. Nxe5 Qd8 18. Nf7+ Rxf7 19. Bxf7 1-0

[Event "Olimpiade 2024 - Donne"]
[Site "Budapest"]
[Date "21.09.2024"]
[Round "10.37"]
[Board "4"]
[White "Takayasu, Melody"]
[Black "Mayeregger Gonzalez, Fiorella Allegra"]
[Result "0-1"]
[WhiteElo "1768"]
[BlackElo "1796"]
[WhiteTeam "Japan"]
[BlackTeam "Paraguay"]
[WhiteFideId "7003501"]
[BlackFideId "3708845"]
[EventDate "2024.09.11"]

1. e4 c5 2. Nf3 a6 3. Nc3 e6 4. d4 cxd4 5. Nxd4 b5 6. Bd3 Bb7 7. O-O Qc7 8. Be3
Nf6 9. f3 Bc5 10. Bf2 O-O 11. Qd2 d6 12. g4 Nc6 13. Nxc6 Qxc6 14. h4 Nd7 15.
Bxc5 dxc5 16. Qf4 c4 17. Be2 Qc5+ 18. Kg2 f5 19. exf5 exf5 20. g5 Rae8 21. Rf2
Ne5 22. Qg3 Ng4 23. Kg1 Qxf2+ 24. Qxf2 Nxf2 25. Kxf2 Rd8 26. a4 Rd2 27. axb5
axb5 28. Nxb5 Re8 29. Nc3 Rxc2 30. Kf1 Bd5 31. Nxd5 Rcxe2 32. Ra7 R2e5 33. Nf4
R8e7 34. Ra4 Rc7 35. g6 hxg6 36. Nxg6 Rb5 37. Ra2 Rcb7 38. Ra4 Rb4 39. Ne7+ Kf8
40. Ng6+ Kf7 41. Ne5+ Ke6 42. Rxb4 Rxb4 43. f4 c3 44. Nd3 cxb2 0-1

[Event "Olimpiade 2024 - Donne"]
[Site "Budapest"]
[Date "21.09.2024"]
[Round "10.38"]
[Board "1"]
[White "Park, Sunwoo"]
[Black "Kakulidis, Ellen"]
[Result "0-1"]
[WhiteTitle "WFM"]
[BlackTitle "WFM"]
[WhiteElo "1877"]
[BlackElo "2048"]
[WhiteTeam "South Korea"]
[BlackTeam "Denmark"]
[WhiteFideId "13203320"]
[BlackFideId "1444972"]
[EventDate "2024.09.11"]

1. e4 e5 2. Nf3 Nc6 3. Bc4 Nf6 4. d3 Bc5 5. c3 d6 6. Bb3 a5 7. a4 Ba7 8. Nbd2
O-O 9. O-O Be6 10. Bc2 h6 11. h3 d5 12. exd5 Nxd5 13. Re1 Nf4 14. Ne4 Ng6 15.
Qe2 Re8 16. Bd2 Qd7 17. Nh2 f5 18. Ng3 Nf4 19. Qf1 Bd5 20. Bxf4 exf4 21. Nh5 Qd6
22. d4 Bf7 23. g4 g6 24. Qd3 Ne7 25. gxf5 gxh5 26. Nf3 Qf6 27. Kh2 Kh8 28. Ne5
Rg8 29. Nd7 Qh4 30. Qe2 Nc6 31. Rg1 Rae8 32. Qf3 Qe7 33. Qxf4 Qd6 34. Ne5 Nxe5
35. Rxg8+ Bxg8 36. dxe5 Qxe5 37. Qxe5+ Rxe5 38. Bd3 Bh7 39. f4 Rd5 40. Be4 Rd2+
41. Kg3 Re2 42. Bxb7 Bxf5 43. Rd1 Rxb2 44. Rd8+ Kg7 45. Bd5 Rb8 46. Rxb8 Bxb8 0-1

[Event "Olimpiade 2024 - Donne"]
[Site "Budapest"]
[Date "21.09.2024"]
[Round "10.38"]
[Board "2"]
[White "Jakobsen, Shanne Hedegaard"]
[Black "Khan, Anastasia"]
[Result "1-0"]
[WhiteElo "2002"]
[BlackElo "1859"]
[WhiteTeam "Denmark"]
[BlackTeam "South Korea"]
[WhiteFideId "1462296"]
[BlackFideId "24173860"]
[EventDate "2024.09.11"]

1. d4 Nf6 2. c4 e6 3. Nf3 d5 4. cxd5 exd5 5. Nc3 Bb4 6. Bg5 c6 7. Qc2 h6 8. Bh4
g5 9. Bg3 Ne4 10. e3 Qa5 11. Nd2 Nxc3 12. bxc3 Bxc3 13. Rd1 Bd7 14. Be5 O-O 15.
Bd3 f5 16. g4 c5 17. O-O c4 18. Nxc4 dxc4 19. Bxc4+ Kh7 20. Qb3 Bb4 21. h4 Nc6
22. Bg8+ 1-0

[Event "Olimpiade 2024 - Donne"]
[Site "Budapest"]
[Date "21.09.2024"]
[Round "10.38"]
[Board "3"]
[White "Kang, Sohyun"]
[Black "Guindy, Esmat Susanne"]
[Result "1/2-1/2"]
[WhiteTitle "WCM"]
[BlackTitle "WFM"]
[WhiteElo "1726"]
[BlackElo "2015"]
[WhiteTeam "South Korea"]
[BlackTeam "Denmark"]
[WhiteFideId "13205706"]
[BlackFideId "1401637"]
[EventDate "2024.09.11"]

1. e4 e6 2. d4 d5 3. Bd3 dxe4 4. Bxe4 Nf6 5. Bf3 c5 6. Ne2 Nc6 7. Be3 e5 8.
Bxc6+ bxc6 9. dxe5 Qxd1+ 10. Kxd1 Ng4 11. Nd2 Be6 12. Ne4 O-O-O+ 13. Ke1 Nxe3
14. fxe3 Rd5 15. Kf2 Rxe5 16. N2g3 Be7 17. Rhd1 Bh4 18. Nd2 Bd5 19. Re1 Rhe8 20.
Nf3 Rf5 21. b3 g5 22. Ke2 Bxg3 23. hxg3 g4 24. Nh4 Rfe5 25. Kd2 c4 26. Re2 cxb3
27. axb3 Kb7 28. Rf1 Rd8 29. Kc3 Be6 30. Rf4 f5 31. e4 Re8 32. Kd3 fxe4+ 33.
Rfxe4 Rxe4 34. Rxe4 Kc8 35. Kd4 Kd7 36. Rf4 Rg8 37. Nf5 Rg5 38. Ne3 Kd6 39. Kd3
h5 40. Rf6 Ke5 41. Rh6 Kd6 42. Nc4+ Ke7 43. Rh7+ Bf7 44. Ke4 Kf6 45. Kd4 Rd5+
46. Kc3 Rc5 47. Kd4 Rd5+ 48. Ke4 1/2-1/2